000 00667nam a22002057a 4500
003 OSt
005 20260601171016.0
008 260507b1980\\\\mx\a||||\||||\00|\0\spa\d
020 _a9688051020
040 _aICI
_bspa
_cICI
041 _aspa
050 _aNC960
_bR67
100 _aRosa Olguin, Alfredo De La,
_eautor
_933934
245 1 _aViñetas y grabados ornamentales del siglo XVIII/
_bAlfredo de la rosa olguin
_c Investigacion y seleccion de material:
300 _a69 páginas
490 0 _aArchivo general de la nacional. serie de informacion grafica
650 4 _aViñetas
_933935
650 4 _aGrabado
_ySiglo XVIII
_zMéxico
_933936
942 _2lcc
_cB
_n1
999 _c20687
_d20687